02301nam a2200445 a 450000100100000000500170001000800410002702000310006802000260009904000250012508200140015024502370016426000970040130000280049849000510052649000260057750000490060350000430065250400720069559000260076765000510079365000330084465000290087765100550090665000340096165000400099570000380103570000440107370000440111770000260116170000380118783000600122583000330128591000420131895201260136095201260148695201110161295201170172399900150184000000330220200929150416.0090707s2004 dr a r 000 0 spa d a9993430706(tapa rústica) a9993430714(tapa dura) aDO-SdBNPbspacBNPHU a339bE59s00aEnsayos sobre macroeconomía en la República Dominicana y países en vía de desarrollo /ceditores Peter A. Prazmowski, José R. Sánchez-Fung, Amelia U. Santos-Paulino ; introducción Alan Carruth, José R. Sánchez-Fun. aSanto Domingo :bBanco Central de la República Dominicana, Departamento de cultura,c2004. a141 p. :bil. ;c23 cm.1 aBanco Central de la República Dominicanav711 aCiencias socialesv15 aIncluye índice general, de figura y tablas aIncluye datos bibográficos del autor aIncluye referencias bibliográficas y notas al pie de la páginas aInventariado, 2018/BT 4aMacroeconomíazRepública Dominicana910387 4aEconomía de mercado910388 4aMercado monetario910389 4aRepública DominicanaxPolítica Comercial92986 4aCrecimiento económico98530 4aLiberalización económica9103901 aPrazmowski, Peter A.,eed.9103911 aSánchez-Fung , José R.,eed.9103921 aSantos-Paulino , Amelia U.,eed.9103931 aCarruth, Alan,9103941 aSánchez-Fun , José R.,910395 0aBanco Central de la República Dominicana ;n71910396 0aCiencias socielesn15910397 aValidado. Control de calidad. MMOLINA 001054708DSaGRbGRcHDd2009-07-07iLF1l0o339 E59sp3302-30r2020-06-25te. 3w2020-06-25yLFDSZPréstamo en sala 001154708DSaGRbGRcMId2018-06-26iLF1l0o339 E59sp3302-40r2020-06-25te. 4w2020-06-25yLFDSZPréstamo en sala 0010718PDaPDbPDcHDd2009-07-07iLF1l0o339 E59sp3302-10r2020-06-25w2020-06-25yLFPDZNo se presta 0010718PDaPDbPDcHDd2009-07-07iLF1l0o339 E59sp3302-20r2020-06-25te. 2w2020-06-25yLFPDZNo se presta c3133d3133